000 00700cas a2200229u 4500
999 _c7481
_d7481
001 11033756
003 GBCCL
005 20241126110629.0
008 930203u xx u 0 0eng
010 _a 52000347
040 _aDLC
_cCarP
_dDLC
050 0 0 _aBV1560
_b.R6
082 _a268.61
_bROZ
245 0 0 _aRozell's complete lessons;
_ccommentary on International Bible lessons uniform series.
260 _aOwensboro, Ky. [etc.]
_bRozell and Co.
_c[n.d.]
300 _av.
_c23 cm.
310 _aUnknown
630 0 0 _aInternational Sunday school lessons.
_92919
700 1 _aRozell, Ray. [from old catalog]
_913224
906 _a0
_bcbc
_cserprem
_du
_encip
_f19
_gy-ilsserca
942 _2ddc
_cBK